Pirates of the Caribbean characters - Statistics

General Stats
  • This quiz has been taken 606 times
  • The average score is 12 of 15
Answers on the Grid
Answers color-coded by a green-red scale on the quiz's grid according to % correct below.
Aladdin
Axel Rose
Bill Turner/Bootstrap Bill/William Turner Sr
Calypso
Capitan Salazar
Captain Hector Barbossa
Captain Jack Sparrow
Chip and Salsa
Cotton
Darth Vader
David Jones/Davy Jones
Edward Scissorhands
Edward Teach/Blackbeard
Elizabeth Swann
Garret the Garbageman Garrison
Herobrine
Jack the monkey
James Norrington
Joshamee Gibbs
Lord Cutler Beckett
Peter Pan
Phineas
Pinky
Rio
Russel
Sid the sloth
Steve
William Turner/William Turner Jr
Wimpy kid
Winnie the Poo
 
Answer Stats
Answer % Correct
Bill Turner/Bootstrap Bill/William Turner Sr
96%
Captain Hector Barbossa
96%
Captain Jack Sparrow
96%
David Jones/Davy Jones
96%
Capitan Salazar
92%
Elizabeth Swann
92%
Calypso
90%
William Turner/William Turner Jr
88%
Edward Teach/Blackbeard
85%
James Norrington
81%
Lord Cutler Beckett
81%
Jack the monkey
80%
Joshamee Gibbs
80%
Cotton
56%
Chip and Salsa
6%
No matching quizzes found
Score Distribution
Percent of People with Each Score
Percentile by Number Answered
Your Score History
You have not taken this quiz